000 00705cab a2200205 4500
001 WB2642-10
008 090401t1990 xxu||||| |||| 00| 0 eng d
035 _a(Sirsi) u2817
041 _aeng
245 _aCall for a greener construction industry
260 _c1990
350 _a0
490 _aDoE News Release
_vno 582 23/10/90 2 pages
520 _aBuilding materials manufactures are praised for their efforts in endeavouring to make the construction industry `greener` but are urged to make greater use of recycled materials.
650 _aBUILT ENVIRONMENT-BUILDING MATERIALS
650 _aGREEN ISSUES
690 _aENVIRONMENTAL AND LAND CONSULTANCY
942 _n0
948 _c04/03/1997
999 _c1695
_d1695